000
00296nam a22001337a 4500
008
170614b xxu||||| |||| 00| 0 eng d
020
_a
9780385334624
041
_a
eng
080
_a
94(100)
100
_a
17
101
_a
SHH
245
_a
THE GREATEST GENERATION
_c
BROKAW,T
942
_2
udc
_c
BK
999
_c
17278
_d
17278